[Event "Varsity Oxbridge m 133rd"]
[Site "London"]
[Date "2015.03.07"]
[Round "1.8"]
[White "Miranda Gonzalez, Nicole"]
[Black "Ho, En Huei Danielle"]
[Result "0-1"]
[WhiteElo "1934"]
[BlackElo "1974"]
[PlyCount "132"]
[EventDate "2015.03.07"]
[EventType "team-match"]
[EventRounds "1"]
[EventCountry "ENG"]
[SourceTitle "CBM 165 Extra"]
[Source "ChessBase"]
[SourceDate "2015.04.21"]
[SourceVersion "1"]
[SourceVersionDate "2015.04.21"]
[SourceQuality "1"]
[WhiteTeam "Oxford"]
[BlackTeam "Cambridge"]
[WhiteTeamCountry "ENG"]
[BlackTeamCountry "ENG"]

1. e4 c5 2. Nf3 d6 3. c3 Nf6 4. Be2 g6 5. 0-0 Bg7 6. h3 0-0 7. d3 b6 8. Be3 Bb7 9. Nbd2 Nbd7 10. Qc2 Rc8 11. Rac1 Rc7 12. Qb1 Qa8 13. Nh2 d5 14. exd5 Nxd5 15. Bf3 Ne5 16. d4 Nxf3+ 17. Nhxf3 Nxe3 18. fxe3 Rd8 19. Rf2 Qc8 20. Re1 Bf6 21. Ne4 Bg7 22. Ng3 h6 23. a3 Qe6 24. Qd1 Qd6 25. Nf1 e5 26. Rd2 cxd4 27. exd4 Bxf3 28. Qxf3 exd4 29. Red1 Qc5 30. cxd4 Rxd4 31. b4 Rxb4+ 32. Kh1 Rd4 33. Rxd4 Bxd4 34. Qf4 Bg7 35. Rd8+ Kh7 36. Rd1 Re7 37. Qf3 Qc3 38. Qxc3 Bxc3 39. Rd3 Rc7 40. Kg1 Be5 41. Nd2 Kg7 42. Nf3 Bb2 43. Rb3 Rc2 44. Kf1 Bf6 45. a4 Ra2 46. Rb4 Be7 47. Re4 Bc5 48. Ne5 Rf2+ 49. Ke1 Rxg2 50. Nc6 Rg3 51. h4 Re3+ 52. Rxe3 Bxe3 53. Ke2 Bc5 54. Nxa7 g5 55. hxg5 hxg5 56. Nc6 f5 57. Ne5 Kf6 58. Nd3 Bd4 59. Ne1 Bc3 60. Nd3 Ke6 61. Nc1 Kd5 62. Kd3 Be1 63. Ne2 f4 64. Nd4 g4 65. Nf5 g3 66. Ke2 g2 0-1

[Event "ASEAN-ch U20 Girls 13th"]
[Site "Hue"]
[Date "2012.06.17"]
[Round "7"]
[White "Jelsen, Yemi"]
[Black "Ho, En Huei Danielle"]
[Result "1-0"]
[WhiteElo "2007"]
[BlackElo "1896"]
[PlyCount "71"]
[EventDate "2012.06.11"]
[EventType "swiss"]
[EventRounds "9"]
[EventCountry "VIE"]
[SourceTitle "CBM 149 Extra"]
[Source "ChessBase"]
[SourceDate "2012.08.24"]
[SourceVersion "1"]
[SourceVersionDate "2012.08.24"]
[SourceQuality "1"]

1. d4 d5 2. c4 e6 3. Nc3 c6 4. e3 f5 5. Bd3 Nf6 6. Nge2 Bd6 7. f3 0-0 8. 0-0 Nh5 9. e4 Bc7 10. cxd5 exd5 11. exd5 cxd5 12. Qb3 Nf6 13. Bg5 Qd6 14. Bf4 Qe7 15. Nxd5 Nxd5 16. Qxd5+ Kh8 17. Bxc7 Qxc7 18. Rac1 Qe7 19. Qe5 Qxe5 20. dxe5 Nc6 21. f4 Be6 22. Bb5 Bxa2 23. Bxc6 bxc6 24. Rxc6 Rab8 25. Nc3 Rxb2 26. Ra1 Bg8 27. Rxa7 Rd8 28. e6 Rdd2 29. Ra8 Rxg2+ 30. Kf1 Rgf2+ 31. Ke1 h6 32. e7 Rg2 33. Rxg8+ Kh7 34. Rh8+ Kxh8 35. e8Q+ Kh7 36. Ne2 1-0

[Event "ASEAN-ch U20 Girls 13th"]
[Site "Hue"]
[Date "2012.06.15"]
[Round "5"]
[White "Ho, En Huei Danielle"]
[Black "Qibtiyah, Meriatul"]
[Result "1-0"]
[WhiteElo "1896"]
[BlackElo "1896"]
[PlyCount "91"]
[EventDate "2012.06.11"]
[EventType "swiss"]
[EventRounds "9"]
[EventCountry "VIE"]
[SourceTitle "CBM 149 Extra"]
[Source "ChessBase"]
[SourceDate "2012.08.24"]
[SourceVersion "1"]
[SourceVersionDate "2012.08.24"]
[SourceQuality "1"]

1. d4 d5 2. c4 Nf6 3. cxd5 Nxd5 4. e4 Nb6 5. Nc3 e6 6. Be3 Be7 7. Nf3 0-0 8. Be2 N8d7 9. Qd2 Nf6 10. 0-0 Bb4 11. Qc2 h6 12. Rad1 c6 13. a3 Bxc3 14. bxc3 Qe7 15. a4 Rd8 16. Rb1 Nbd7 17. Bf4 Nf8 18. Ne5 N6d7 19. Nc4 e5 20. Nxe5 Nxe5 21. Bxe5 c5 22. Rfd1 b6 23. Bg3 cxd4 24. cxd4 Bb7 25. f3 Rac8 26. Qb2 Ba8 27. Ba6 Rc6 28. d5 Rc5 29. Bf2 Rc7 30. Qd2 Rcd7 31. Bb5 Rd6 32. Rbc1 f5 33. Bg3 fxe4 34. Bxd6 Rxd6 35. fxe4 Qxe4 36. Bc6 Bxc6 37. Rxc6 Rxc6 38. dxc6 Qxc6 39. Qd5+ Qxd5 40. Rxd5 Kf7 41. Rd8 a6 42. Rd6 Ne6 43. Rxb6 Ng5 44. Rxa6 Ne6 45. Rb6 Nc7 46. Rb3 1-0

[Event "ASEAN-ch U20 Girls 13th"]
[Site "Hue"]
[Date "2012.06.11"]
[Round "1"]
[White "Ho, En Huei Danielle"]
[Black "Vo, Thi Kim Phung"]
[Result "0-1"]
[WhiteElo "1896"]
[BlackElo "2155"]
[PlyCount "122"]
[EventDate "2012.06.11"]
[EventType "swiss"]
[EventRounds "9"]
[EventCountry "VIE"]
[SourceTitle "CBM 149 Extra"]
[Source "ChessBase"]
[SourceDate "2012.08.24"]
[SourceVersion "1"]
[SourceVersionDate "2012.08.24"]
[SourceQuality "1"]

1. d4 Nf6 2. Bg5 Ne4 3. Bf4 d5 4. e3 e6 5. Bd3 Nf6 6. Nf3 Bd6 7. Bg3 0-0 8. 0-0 c5 9. c3 Nc6 10. Ne5 Qc7 11. f4 Qb6 12. Qc1 Nd7 13. Nxc6 Qxc6 14. Nd2 f5 15. b3 b5 16. Be2 Bb7 17. Qb2 Rfc8 18. Rfc1 Qb6 19. a3 cxd4 20. cxd4 b4 21. axb4 Bxb4 22. Nf3 a5 23. Be1 Bxe1 24. Nxe1 Rxc1 25. Rxc1 a4 26. Ra1 Qxb3 27. Qxb3 axb3 28. Rb1 Ba6 29. Bxa6 Rxa6 30. Rxb3 Nf6 31. Rb2 Ra1 32. Re2 Ne4 33. Kf1 h6 34. Rc2 Nf6 35. Ke2 Ng4 36. Rc8+ Kh7 37. Rc6 Nxe3 38. Rxe6 Ng4 39. h3 Ra2+ 40. Kf3 Nf6 41. Re2 Ra3+ 42. Re3 Ra4 43. Nc2 Rc4 44. Re2 Ne4 45. g4 Rc3+ 46. Ne3 Nd6 47. Kg2 Rd3 48. Nxd5 Rxd4 49. Re5 fxg4 50. hxg4 Nc4 51. Rf5 Rxd5 52. Rxd5 Ne3+ 53. Kf3 Nxd5 54. Ke4 Nf6+ 55. Kf5 Nd5 56. Ke4 Ne7 57. f5 Kg8 58. Kf4 Kf7 59. g5 hxg5+ 60. Kxg5 Nd5 61. Kg4 Kf6 0-1

[Event "World School-ch U17 Girls 8th"]
[Site "Iasi"]
[Date "2012.05.01"]
[Round "4"]
[White "Ho, En Huei Danielle"]
[Black "Gelip, Ioana"]
[Result "1-0"]
[WhiteElo "1900"]
[BlackElo "2017"]
[PlyCount "67"]
[EventDate "2012.04.28"]
[EventType "swiss"]
[EventRounds "9"]
[EventCountry "ROU"]
[SourceTitle "EXT 2013"]
[Source "ChessBase"]
[SourceDate "2012.11.22"]
[SourceVersion "1"]
[SourceVersionDate "2012.11.22"]
[SourceQuality "1"]

1. d4 Nf6 2. Bg5 e6 3. e4 h6 4. Bxf6 Qxf6 5. Nc3 Bb4 6. Qd2 d6 7. a3 Bxc3 8. Qxc3 0-0 9. Ne2 Nc6 10. f4 e5 11. dxe5 dxe5 12. 0-0-0 Bg4 13. f5 Rfd8 14. Re1 Rd6 15. Qe3 Bxe2 16. Bxe2 Nd4 17. Bd3 Qg5 18. Qxg5 hxg5 19. Re3 Rad8 20. Rg3 Nb3+ 21. cxb3 Rxd3 22. Rxg5 Rxb3 23. f6 g6 24. Rxe5 Rb6 25. Rf1 Rc6+ 26. Kb1 Kf8 27. Rb5 b6 28. Rf2 Rdd6 29. e5 Rd1+ 30. Ka2 a6 31. Rb4 Re1 32. Rh4 Kg8 33. Rd2 Rxe5 34. Rd8+ 1-0

[Event "Kuala Lumpur op 7th"]
[Site "Kuala Lumpur"]
[Date "2010.09.06"]
[Round "8"]
[White "Ho, En Huei Danielle"]
[Black "Munir, Azizi Bin Ahmad"]
[Result "1/2-1/2"]
[WhiteElo "1914"]
[BlackElo "1984"]
[PlyCount "109"]
[EventDate "2010.09.01"]
[EventType "swiss"]
[EventRounds "9"]
[EventCountry "MAS"]
[SourceTitle "CBM 138 Extra"]
[Source "ChessBase"]
[SourceDate "2010.10.29"]
[SourceVersion "1"]
[SourceVersionDate "2010.10.29"]
[SourceQuality "1"]

1. d4 Nf6 2. Bg5 g6 3. Bxf6 exf6 4. e3 Bg7 5. c4 0-0 6. Nc3 d6 7. Bd3 f5 8. Nf3 Nd7 9. 0-0 c6 10. Rb1 a5 11. a3 Re8 12. Qc2 Nb6 13. b4 axb4 14. axb4 Be6 15. Nd2 f4 16. Rfe1 Qc7 17. Nce4 d5 18. Nc5 fxe3 19. fxe3 dxc4 20. Nxe6 Rxe6 21. Nxc4 Rae8 22. Qf2 R6e7 23. Nxb6 Qxb6 24. Kh1 Bh6 25. Bc4 Qc7 26. Rb3 Bg7 27. Rd3 Qb6 28. Rf1 Rf8 29. Rb3 Kh8 30. Qh4 Qc7 31. Rf3 h6 32. Rh3 Ra8 33. Rb1 Ra4 34. e4 Qd6 35. Rf1 Rxb4 36. e5 Qc7 37. Rc3 b5 38. Bd5 Qd7 39. Bxc6 Rxd4 40. Qf2 Qd8 41. Bxb5 Bxe5 42. Rc5 Rf4 43. Qc2 Rxf1+ 44. Bxf1 Kg7 45. h3 Qd4 46. Rc4 Qe3 47. Qd3 Qxd3 48. Bxd3 Bg3 49. Re4 Rc7 50. Rc4 Rxc4 51. Bxc4 f5 52. Kg1 Kf6 53. Kf1 Ke5 54. Ke2 Kf4 55. Bf7 1/2-1/2

[Event "Wch U20 Girls 28th"]
[Site "Chotowa"]
[Date "2010.08.16"]
[Round "13.28"]
[White "Ho, En Huei Danielle"]
[Black "Guo, Emma"]
[Result "1-0"]
[WhiteElo "1898"]
[BlackElo "1965"]
[PlyCount "77"]
[EventDate "2010.08.03"]
[EventType "swiss"]
[EventRounds "13"]
[EventCountry "POL"]
[SourceTitle "EXT 2023"]
[Source "ChessBase"]
[SourceDate "2022.10.05"]
[SourceVersion "1"]
[SourceVersionDate "2022.10.05"]
[SourceQuality "1"]

1. d4 Nf6 2. Bg5 d5 3. Bxf6 exf6 4. e3 Bd6 5. Bd3 c6 6. Ne2 0-0 7. c4 dxc4 8. Bxc4 f5 9. Nbc3 Nd7 10. 0-0 Nf6 11. h3 Nh5 12. d5 Qf6 13. Nd4 g6 14. dxc6 bxc6 15. Nxc6 Bb7 16. Nd5 Qh4 17. Na5 Bc8 18. Nc3 Qf6 19. Nb5 Be5 20. Qd5 Be6 21. Qf3 Rab8 22. Nxa7 Bxb2 23. Rab1 Bc3 24. N7c6 Bxc4 25. Nxc4 Rbc8 26. Rb6 Qe6 27. N6a5 Qd7 28. Qd1 Qa7 29. Nc6 Qc7 30. Qb3 Bg7 31. a4 Nf6 32. Rd1 Ne4 33. a5 Ra8 34. Qb4 Kh8 35. Rd3 Rfc8 36. f3 Nf6 37. N4e5 Re8 38. Rb7 Qc8 39. Nxf7+ 1-0

[Event "Wch U20 Girls 28th"]
[Site "Chotowa"]
[Date "2010.08.14"]
[Round "11"]
[White "Ho, En Huei Danielle"]
[Black "Tonel, Giulia"]
[Result "1/2-1/2"]
[WhiteElo "1898"]
[BlackElo "2001"]
[PlyCount "91"]
[EventDate "2010.08.03"]
[EventType "swiss"]
[EventRounds "13"]
[EventCountry "POL"]
[SourceTitle "CBM 137 Extra"]
[Source "ChessBase"]
[SourceDate "2010.09.01"]
[SourceVersion "1"]
[SourceVersionDate "2010.09.01"]
[SourceQuality "1"]

1. d4 Nf6 2. Bg5 c5 3. Bxf6 gxf6 4. d5 Qb6 5. Qc1 Bh6 6. e3 f5 7. c4 Na6 8. Nf3 Rg8 9. Nc3 Nc7 10. Qc2 Qf6 11. 0-0-0 d6 12. g3 Bd7 13. Kb1 0-0-0 14. Ne1 Kb8 15. Bg2 Bg7 16. Rd2 a6 17. a4 b6 18. f4 Ka7 19. Nd3 Rb8 20. e4 Qg6 21. e5 h5 22. Re1 Bf8 23. Rde2 h4 24. Re3 Rh8 25. Qd1 Bg7 26. exd6 exd6 27. Re7 Rhd8 28. Bf3 Bxc3 29. bxc3 Qf6 30. Ne5 dxe5 31. d6 Ne8 32. fxe5 Qg6 33. Bc6 f4+ 34. Qc2 Qg4 35. e6 Nf6 36. Bxd7 Nxd7 37. Rxd7+ Rxd7 38. exd7 Rd8 39. Qd3 fxg3 40. Qd5 g2 41. Qc6 Rxd7 42. Kb2 Rb7 43. Re7 Rxe7 44. dxe7 Qe2+ 45. Kb3 Qxe7 46. Qxg2 1/2-1/2

[Event "Wch U14 Girls"]
[Site "Kemer"]
[Date "2009.11.12"]
[Round "1"]
[White "Saduakassova, Dinara"]
[Black "Ho, En Huei Danielle"]
[Result "1-0"]
[WhiteElo "2084"]
[BlackElo "1774"]
[PlyCount "93"]
[EventDate "2009.11.12"]
[EventType "swiss"]
[EventRounds "11"]
[EventCountry "TUR"]
[SourceTitle "EXT 2010"]
[Source "ChessBase"]
[SourceDate "2010.11.25"]
[SourceVersion "1"]
[SourceVersionDate "2010.11.25"]
[SourceQuality "1"]

1. d4 d5 2. c4 e6 3. Nf3 c6 4. e3 f5 5. Be2 Nf6 6. 0-0 Bd6 7. b3 Ne4 8. Ba3 0-0 9. Bxd6 Qxd6 10. Qc2 Nd7 11. Nbd2 b6 12. a3 a5 13. Qb2 Rb8 14. b4 Qe7 15. Rfb1 g5 16. Ne1 f4 17. exf4 Rxf4 18. Nd3 Nxd2 19. Qxd2 Rxd4 20. cxd5 Rxd5 21. Bf3 Rd6 22. Qc3 Ba6 23. Ne5 Qg7 24. Re1 Nxe5 25. Qxe5 Rbd8 26. bxa5 bxa5 27. Qxa5 Bb5 28. h3 h5 29. Bxh5 Rd2 30. Qb6 Qf6 31. Bf3 R8d6 32. a4 Bc4 33. a5 Bd5 34. Bxd5 R6xd5 35. a6 c5 36. Qxe6+ Qxe6 37. Rxe6 Rd1+ 38. Rxd1 Rxd1+ 39. Kh2 Ra1 40. Rg6+ Kf7 41. Rxg5 c4 42. Rc5 Rxa6 43. Rxc4 Rf6 44. Kg3 Rg6+ 45. Rg4 Rf6 46. Rf4 Rxf4 47. Kxf4 1-0

[Event "ASEAN-ch U14 Girls 10th"]
[Site "Hue"]
[Date "2009.06.09"]
[Round "5"]
[White "Ho, En Huei Danielle"]
[Black "Vuong, Thi Quynh Huong"]
[Result "1-0"]
[WhiteElo "1743"]
[BlackElo "1800"]
[PlyCount "59"]
[EventDate "2009.06.07"]
[EventType "swiss"]
[EventRounds "9"]
[EventCountry "VIE"]
[SourceTitle "EXT 2010"]
[Source "ChessBase"]
[SourceDate "2010.11.25"]
[SourceVersion "1"]
[SourceVersionDate "2010.11.25"]
[SourceQuality "1"]

1. d4 d5 2. c4 e6 3. Nc3 f5 4. Nf3 Nf6 5. Bf4 c6 6. e3 Bd6 7. Bxd6 Qxd6 8. Ne5 Bd7 9. Bd3 Ne4 10. Qh5+ g6 11. Nxg6 Nf6 12. Qh4 Rg8 13. c5 Qc7 14. Qxf6 hxg6 15. h4 Qd8 16. Qe5 Qe7 17. 0-0-0 Bc8 18. h5 gxh5 19. Rxh5 Nd7 20. Qh2 Nf6 21. Rh8 b6 22. Rxg8+ Nxg8 23. Qh8 Qf8 24. Qe5 Qe7 25. Rh1 Bb7 26. g4 bxc5 27. dxc5 Rd8 28. Rh8 Kf8 29. gxf5 d4 30. fxe6 1-0

[Event "SIN-ch U16"]
[Site "Singapore"]
[Date "2009.01.10"]
[Round "9"]
[White "Ho, En Huei Danielle"]
[Black "Chan, Wei Qi Sarah"]
[Result "1-0"]
[WhiteElo "1747"]
[BlackElo "1672"]
[PlyCount "67"]
[EventDate "2009.01.03"]
[EventType "swiss"]
[EventRounds "9"]
[EventCountry "SIN"]
[SourceTitle "EXT 2011"]
[Source "ChessBase"]
[SourceDate "2010.11.26"]
[SourceVersion "1"]
[SourceVersionDate "2010.11.26"]
[SourceQuality "1"]

1. d4 Nf6 2. Bg5 c5 3. Bxf6 gxf6 4. d5 Qb6 5. b3 Bg7 6. e3 f5 7. c3 d6 8. Bd3 Qa5 9. Ne2 b5 10. 0-0 b4 11. Qc2 Na6 12. a3 0-0 13. Nd2 bxc3 14. Nc4 Qd8 15. Bxf5 Nc7 16. Bxh7+ Kh8 17. Be4 f5 18. Bf3 Bb7 19. Nf4 Kg8 20. Rad1 Rb8 21. Rfe1 Ba6 22. Na5 Bb7 23. Nxb7 Rxb7 24. Nh5 Be5 25. g4 Qc8 26. Kh1 Rf7 27. Rg1 Kf8 28. g5 Ke8 29. g6 Rf8 30. g7 Rg8 31. Rg5 Nb5 32. Rxf5 Kd7 33. Rf8 Rxf8 34. Bg4+ 1-0

[Event "SIN-ch U16"]
[Site "Singapore"]
[Date "2009.01.09"]
[Round "8"]
[White "Lo, Yin Ling Melissa"]
[Black "Ho, En Huei Danielle"]
[Result "1-0"]
[WhiteElo "1767"]
[BlackElo "1747"]
[PlyCount "91"]
[EventDate "2009.01.03"]
[EventType "swiss"]
[EventRounds "9"]
[EventCountry "SIN"]
[SourceTitle "EXT 2011"]
[Source "ChessBase"]
[SourceDate "2010.11.26"]
[SourceVersion "1"]
[SourceVersionDate "2010.11.26"]
[SourceQuality "1"]

1. d4 d5 2. c4 e6 3. Nc3 c6 4. e3 f5 5. Nf3 Nf6 6. Qc2 Bd6 7. Bd3 Ne4 8. Bd2 Qf6 9. cxd5 exd5 10. Nxd5 Qg6 11. g3 0-0 12. Nc3 Qh5 13. Be2 Be6 14. h4 Qg6 15. a3 Bxg3 16. Rf1 Bd6 17. Nxe4 fxe4 18. Ng5 Bd5 19. Bc4 Bxc4 20. Qxc4+ Kh8 21. Qb3 b6 22. Qc2 Re8 23. Qc4 b5 24. Qf7 Rf8 25. Qxg6 hxg6 26. Nxe4 Be7 27. Rc1 Rc8 28. Rg1 Nd7 29. Rxg6 Nf6 30. Nc5 Kh7 31. Rg2 Bxc5 32. Rxc5 Ne4 33. Rh5+ Kg8 34. f3 Nxd2 35. Kxd2 Rc7 36. Rhg5 Rd8 37. b4 Rf8 38. f4 Rf6 39. Rg6 Rxg6 40. Rxg6 Kf7 41. h5 Kf8 42. Kd3 a6 43. h6 gxh6 44. Rxh6 Kg7 45. Re6 Kf7 46. f5 1-0

[Event "ASEAN-ch9 U14 Girls"]
[Site "Da Nang"]
[Date "2008.06.13"]
[Round "7"]
[White "Nguyen, Thao Han"]
[Black "Ho, En Huei Danielle"]
[Result "1-0"]
[WhiteElo "1925"]
[BlackElo "1672"]
[PlyCount "113"]
[EventDate "2008.06.10"]
[EventType "swiss"]
[EventRounds "9"]
[EventCountry "VIE"]
[SourceTitle "CBM 125 Extra"]
[Source "ChessBase"]
[SourceDate "2008.09.01"]
[SourceVersion "1"]
[SourceVersionDate "2008.09.01"]
[SourceQuality "1"]

1. d4 d5 2. c4 e6 3. Nc3 c6 4. e3 f5 5. Nf3 Nf6 6. g3 Bd6 7. c5 Bc7 8. Bg2 Ne4 9. Qc2 Nd7 10. 0-0 Ndf6 11. b4 a5 12. Ba3 Nxc3 13. Qxc3 Ne4 14. Qc2 axb4 15. Bxb4 0-0 16. Ne1 e5 17. f4 exf4 18. exf4 Qf6 19. Nf3 Re8 20. Ne5 Bxe5 21. fxe5 Qg5 22. Rf3 g6 23. Ba3 Qe7 24. Rb1 Be6 25. Bb4 Qg5 26. a3 Rf8 27. Rbf1 Rf7 28. a4 Raf8 29. Rf4 Qh6 30. Bxe4 dxe4 31. Bd2 g5 32. R4f2 Qg6 33. Qc1 Rg7 34. Kh1 Bd5 35. Be3 f4 36. Qc2 f3 37. Rb1 h5 38. Kg1 Be6 39. Kf1 h4 40. Ke1 hxg3 41. hxg3 Rh7 42. Kd2 Bh3 43. Kc3 Bg2 44. Qd2 Rg7 45. Rb6 Qf5 46. Qc2 Rff7 47. a5 Rg6 48. Qb3 Qd7 49. d5 Qe7 50. e6 Rf8 51. Rxb7 Qf6+ 52. Bd4 e3 53. Bxf6 exf2 54. Qb1 Rfxf6 55. e7 Kf7 56. e8Q+ Kxe8 57. Rb8+ 1-0

[Event "Wch U12 Girls"]
[Site "Kemer"]
[Date "2007.11.26"]
[Round "9"]
[White "Ho, En Huei Danielle"]
[Black "Ziaziulkina, Nastassia"]
[Result "1-0"]
[WhiteElo "1620"]
[BlackElo "1901"]
[PlyCount "73"]
[EventDate "2007.11.18"]
[EventType "swiss"]
[EventRounds "11"]
[EventCountry "TUR"]
[SourceTitle "CBM 121 Extra"]
[Source "ChessBase"]
[SourceDate "2008.01.10"]
[SourceVersion "1"]
[SourceVersionDate "2008.01.10"]
[SourceQuality "1"]

1. d4 d5 2. Bg5 Nf6 3. Bxf6 exf6 4. e3 Bd6 5. c4 dxc4 6. Bxc4 0-0 7. Ne2 c6 8. Nbc3 Nd7 9. 0-0 Re8 10. e4 Nb6 11. Bd3 c5 12. d5 a6 13. f4 Nd7 14. a4 Qa5 15. Kh1 Nb6 16. Qe1 c4 17. Bc2 Qb4 18. Rb1 Bg4 19. h3 Bxe2 20. Qxe2 Nd7 21. Qg4 Nf8 22. e5 fxe5 23. f5 f6 24. Ne4 Nd7 25. Rf3 Bf8 26. b3 c3 27. Rxc3 Rac8 28. Rc4 Qb6 29. Bd3 Bd6 30. Rbc1 Rcd8 31. a5 Qxb3 32. Nxd6 Qxd3 33. Nxe8 Rxe8 34. Rc8 Rxc8 35. Rxc8+ Nf8 36. d6 Qb1+ 37. Kh2 1-0